Urdu Ki Akhri Kitab/ (Record no. 614632)
[ view plain ]
| 000 -LEADER | |
|---|---|
| fixed length control field | 00378nam a22001337a 4500 |
| 082 ## - DEWEY DECIMAL CLASSIFICATION NUMBER | |
| Classification number | 891.439 |
| Author Mark | INS |
| 245 ## - TITLE STATEMENT | |
| Title | Urdu Ki Akhri Kitab/ |
| Remainder of title | By/Ibn e Insha |
| 260 ## - PUBLICATION, DISTRIBUTION, ETC. | |
| Place of publication, distribution, etc. | لاہور: |
| Name of publisher, distributor, etc. | لاہور اکیڈمی, |
| Date of publication, distribution, etc. | 2003. |
| 300 ## - PHYSICAL DESCRIPTION | |
| Extent | 176p. ; |
| 563 ## - BINDING INFORMATION | |
| Binding note | HB |
| 880 ## - ALTERNATE GRAPHIC REPRESENTATION | |
| Linkage | 100-01\(3\r |
| Title | ابنِ انشاء |
| 880 ## - ALTERNATE GRAPHIC REPRESENTATION | |
| Linkage | 245-02\(3\r |
| Title | اردو کی آخری کتاب |
| 942 ## - ADDED ENTRY ELEMENTS (KOHA) | |
| Source of classification or shelving scheme | |
| Koha item type | Fiction |
| Withdrawn status | Lost status | Source of classification or shelving scheme | Damaged status | Not for loan | Permanent Location | Current Location | Date acquired | Total Checkouts | Full call number | Barcode | Checked out | Date last seen | Date last checked out | Price effective from | Koha item type |
|---|---|---|---|---|---|---|---|---|---|---|---|---|---|---|---|
| Central Library (CL) | Central Library (CL) | 09/04/2025 | 2 | 891.439 INS | CL-D-3063 | 03/17/2026 | 02/15/2026 | 02/15/2026 | 09/04/2025 | Fiction |
